000 00476nam a2200145 4500
008 020416s1926 enk engLO
090 _aBL1801
_bM22c
100 1 _aMaelagan, P. J.
245 1 0 _aChinese religious ideas :
_ba Christian valuation /
_cP. J. Maelagan.
260 _aLondon :
_bStudent Christian Movement,
_cc1926.
300 _a238 p.
500 _a[Xerox copy]
651 4 _aChina
_xReligion.
951 _p24824
_x00010256
_oBL1801/M22c
_j070613111057625
_d2000-12-21
_cGC
999 _c7239
_d7239